000
00246 a2200109 4500
001
63369
082
_a
005.133 ONE
090
_c
37420
_d
37420
100
_a
O'Niel , J
245
_a
Visual Interdev 6
_h
English
260
_b
Osborne, Mcgraw Hill
942
_a
CAE NUST
_k
005.133 ONE
999
_c
298442
_d
298442